Pokus o analýzu trhu s akciami

Na základe údajov o obchodovaní na Bratislavskej opčnej burze dokumentovaná nerozvinutosť slovenského trhu akcií.

Gespeichert in:
Bibliographische Detailangaben
1. Verfasser: Legéň, A.
Format: Buchkapitel
Sprache:Slowakisch
Schlagworte:
Tags: Tag hinzufügen
Keine Tags, Fügen Sie das erste Tag hinzu!

MARC

LEADER 00000naa a2200000 4500
001 r014180
005 20221213123502.8
041 0 |a slo 
044 |a SK 
245 1 0 |a Pokus o analýzu trhu s akciami  |c A. Legéň 
520 |a Na základe údajov o obchodovaní na Bratislavskej opčnej burze dokumentovaná nerozvinutosť slovenského trhu akcií. 
610 2 0 |a akcie 
610 2 0 |a obchody burzové 
610 2 0 |a Bratislavská opčná burza 
610 2 0 |a opcie 
610 2 0 |a BOB Bratislava 
100 1 |a Legéň, A.